[Event "Split op 13th"]
[Site "Split"]
[Date "2024.08.04"]
[Round "2"]
[White "Plenca, Jadranko"]
[Black "Simunkovic, Bartol"]
[Result "1-0"]
[WhiteElo "2448"]
[BlackElo "2035"]
[PlyCount "101"]
[EventDate "2024.08.03"]
[EventType "swiss"]
[EventRounds "10"]
[EventCountry "CRO"]
[SourceTitle "CBM 221 Extra"]
[Source "ChessBase"]
[SourceDate "2024.09.30"]
[SourceVersion "1"]
[SourceVersionDate "2024.09.30"]
[SourceQuality "1"]

1. e4 c5 2. Nf3 d6 3. Bb5+ Bd7 4. Bxd7+ Qxd7 5. d4 cxd4 6. Qxd4 Nc6 7. Qd3 Nf6 8. 0-0 g6 9. c4 Bg7 10. Nc3 0-0 11. h3 Rac8 12. Bd2 h6 13. b3 Rfd8 14. Rac1 Qe6 15. Rfe1 Ne5 16. Nxe5 dxe5 17. Qe2 Qa6 18. Be3 e6 19. Red1 Qa5 20. Nb5 Rxd1+ 21. Rxd1 a6 22. Nd6 Rc7 23. c5 Rd7 24. Rd2 Bf8 25. Qf3 Ne8 26. Nc4 Qc7 27. Rxd7 Qxd7 28. Nxe5 Qc7 29. Nd3 Qa5 30. Qe2 Nf6 31. Bd4 Nd7 32. Qc2 e5 33. b4 Qc7 34. Bb2 b6 35. c6 Nb8 36. Nxe5 Bxb4 37. Nxf7 Kxf7 38. Qb3+ Ke8 39. Qxb4 Qxc6 40. Qd4 Nd7 41. Qh8+ Kf7 42. Qg7+ Ke8 43. e5 Qe6 44. Qxh6 Kd8 45. a4 Qb3 46. Qd2 Ke8 47. Qd4 b5 48. axb5 Qxb5 49. e6 Nc5 50. Qh8+ Ke7 51. Qf6+ 1-0

[Event "CRO-chT U20"]
[Site "Novalja"]
[Date "2024.04.03"]
[Round "3"]
[White "Mandaric, Fran"]
[Black "Simunkovic, Bartol"]
[Result "0-1"]
[WhiteElo "1933"]
[BlackElo "1885"]
[PlyCount "102"]
[EventDate "2024.04.02"]
[EventType "swiss"]
[EventRounds "8"]
[EventCountry "CRO"]
[SourceTitle "EXT 2025"]
[Source "ChessBase"]
[SourceDate "2024.10.14"]
[SourceVersion "1"]
[SourceVersionDate "2024.10.14"]
[SourceQuality "1"]

1. e4 c5 2. Nf3 d6 3. Bb5+ Bd7 4. Bxd7+ Qxd7 5. c4 Nc6 6. 0-0 g6 7. Nc3 Bg7 8. d3 Nf6 9. Ne1 Nd4 10. Nc2 Nxc2 11. Qxc2 0-0 12. f4 e6 13. h3 Ne8 14. Be3 Nc7 15. Rae1 f5 16. Qf2 Qc6 17. Qf3 b6 18. g4 Rad8 19. Bf2 e5 20. Bh4 Rd7 21. gxf5 gxf5 22. fxe5 fxe4 23. Qg2 Rxf1+ 24. Rxf1 dxe5 25. Nxe4 Qg6 26. Qxg6 hxg6 27. Nf6+ Bxf6 28. Rxf6 Kg7 29. Rc6 Kf7 30. Bg3 Ne6 31. Bxe5 Rxd3 32. Rd6 Re3 33. Bc3 Ke7 34. Rd2 Rxh3 35. Re2 g5 36. Rh2 Rxh2 37. Kxh2 Nd4 38. Kh3 Kf6 39. Kg4 Kg6 40. Bd2 Nc6 41. Bc3 Nb8 42. Be5 Nd7 43. Bc7 Nf6+ 44. Kf3 Kf5 45. Bb8 a6 46. Bc7 Nd7 47. b3 b5 48. cxb5 axb5 49. a4 c4 50. bxc4 bxa4 51. Bd6 Ne5+ 0-1